Proceedings of spring conference on computer graphics 1997 June 5-8, Budmerice, Slovakia

Bibliographic Details
Corporate Author: Spring Conference on Computer Graphics Budmerice, Slovensko (Author)
Other Authors: Strasser, Wolfgang (Editor)
Format: Conference Proceeding Book
Language:English
PhysicalDescription:213 s. fotogr., grafy, sch., tab. 29 cm
Published: Bratislava Comenius University [1997]
ISBN:8022311766
Subjects:

MARC

LEADER 00000cam a2200000 a 4500
001 vtls001326906
003 SK-MaSNL
005 20260301224752.0
008 250414s1997 xo a fr 100 0 eng
015 |a SNBA1998/09-03353 
020 |a 8022311766 
035 |a SNK000279691 
035 |a urn:nbn:sk:snk-amjs4t 
035 |a urn:nbn:sk:snk:ar-a0bmra 
035 |a 3ad20e72-0056-4acd-80a3-2355dbeb42d5 
040 |a SNK  |b slo  |c SNK  |e AACR2 
041 0 |a eng 
044 |a xo  |c SK 
080 |a 681.32:744.4(075.8)=20  |2 1981 
111 2 |a Spring Conference on Computer Graphics  |n (13. :  |d 1997 :  |c Budmerice, Slovensko)  |4 aut  |9 617427 
245 0 0 |a Proceedings of spring conference on computer graphics 1997  |b June 5-8, Budmerice, Slovakia  |c [editor: Wolfgang Strasser] 
260 |a Bratislava  |b Comenius University  |c [1997] 
300 |a 213 s.  |b fotogr., grafy, sch., tab.  |c 29 cm 
500 |a Obalový názov 
504 |a Bibliogr. odkazy 
650 0 7 |a počítačová grafika  |2 SNKPH  |9 1829 
655 7 |a zborníky konferencií  |2 SNKPH  |9 70153 
655 7 |a issue_zb  |2 SNK  |9 276493 
700 1 |a Strasser, Wolfgang  |4 edt  |9 47000 
710 2 |a Univerzita Komenského v Bratislave  |4 pbl  |9 221617 
852 |a Slovenská národná knižnica 
919 |a 80-223-1176-6 
954 |a odborná, vedecká literatúra pôvodná (slovenská)  |2 lita 
954 |a odborná, vedecká literatúra cudzojazyčná (svetová)  |2 lita 
958 |a ART 
958 |a TL 
958 |a NB 
958 |a OND 
999 |c 948522  |d 950452 
952 |t P60, <04>, [BOOK], {604}  |a SNK  |b SNK  |y VYP  |7 0  |p 17A0130595  |o snkSB 58535 D1  |i snkKSP 3650/98  |0 0  |1 0  |4 0  |d 1998-04-03  |l 0  |r 2005-01-02 00:00:00  |w 2026-02-24 
952 |t P60, <03>, [BOOK], {603}  |a SNK  |b SNK  |y PREZ  |7 0  |p 17A0130594  |o snkSB 58535  |i snkKSP 3649/98  |0 0  |1 0  |4 0  |d 1998-04-03  |f 1  |l 0  |r 2017-06-30 00:00:00  |w 2026-02-24